Modern methods of valuation of land, houses and buildings

Kaydedildi:
Detaylı Bibliyografya
Yazar: JOHNSON, Tony
Materyal Türü: Kitap
Dil:İngilizce
Baskı/Yayın Bilgisi: Estates Gazette 2005
Etiketler: Etiketle
Etiket eklenmemiş, İlk siz ekleyin!

MARC

LEADER 00000nam a22000007a 4500
008 201218b ||||| |||| 00| 0 eng d
020 |a : 978-9988-0-7082-9 
100 |a JOHNSON, Tony 
245 |a Modern methods of valuation of land, houses and buildings  |c Tony Johnson 
250 |b 9th  |c Tony Johnson, Keith Davis [and] Eric Shapiro 
260 |b Estates Gazette  |c 2005  |h London:   |i 691450   |l HD1387 .J63 
942 |a lcc  |c BK  |e ogunleye 
952 |0 0  |1 0  |2 lcc  |4 0  |6 HD1387 J63  |7 0  |9 815  |a HOL  |b HOL  |d 2020-12-18  |l 0  |o HD1387 .J63  |p 2020-230029  |r 2020-12-18 00:00:00  |w 2020-12-18  |y BK 
999 |c 456  |d 456